El acoso de las fantasías

Guardat en:
Dades bibliogràfiques
Autor principal: Zizek, Slavoj (Autor)
Altres autors: López Martín, Francisco (traductor)
Format: Llibre
Idioma:espanyol
Publicat: Madrid Akal 2011
Edició:1a. ed
Col·lecció:Cuestiones de Antagonismo, 66
Matèries:
Etiquetes: Afegir etiqueta
Sense etiquetes, Sigues el primer a etiquetar aquest registre!

MARC

LEADER 00000cam a2200000 a 4500
001 UCD7496
003 CL-VaPUC
005 20211112095606.0
008 170326e20110000sp |||||||||||||||||spa|d
999 |c 367512  |d 367510 
020 |a 9788446027720 
040 |c Pontificia Universidad Católica de Valparaíso 
082 0 4 |a 302.212  |b ZIZ  |2 21 
100 0 |a Zizek, Slavoj  |e author  |9 557221 
245 1 3 |a El acoso de las fantasías 
250 |a 1a. ed 
260 |a Madrid  |b Akal  |c 2011 
300 |a 266 p 
490 0 |a Cuestiones de Antagonismo, 66 
583 |a last modification  |c 20170326 03:36:00  |k Rodrigo Vera 
650 0 |a Psicología social   |9 222894 
650 0 |a Desarrollo cultural  |9 267526 
650 0 |a Globalización  |9 361930 
650 0 |a Medios de comunicación de masas  |9 257273 
650 7 |a PELICULAS CINEMATOGRAFICAS  |2 CL-VaPUC  |9 591521 
700 1 |a López Martín, Francisco  |e traductor  |9 864363 
942 |c BK  |2 ddc 
945 |d 20170326 03:36:00  |a arojas 
952 |0 0  |1 0  |3 erb  |4 0  |6 302_212000000000000_ZIZ_2011  |7 0  |8 R  |9 482427  |a BIBEDU  |b BIBEDU  |c MCIRC  |i 5367905  |o 302.212 ZIZ 2011  |p 5367905  |r 2023-01-13  |w 2019-11-24  |y BK_R  |z Catalogado en:20170326  |k FIL